Meduse cyborg : antologia di donne arrabbiate.

שמור ב:
מידע ביבליוגרפי
פורמט: ספר
שפה:איטלקית
יצא לאור: Milano : Shake edizioni underground, 1997
נושאים:
תגים: הוספת תג
אין תגיות, היה/י הראשונ/ה לתייג את הרשומה!

MARC

LEADER 00000nam a22000007i 4500
001 IT\ICCU\REA\0040041
003 ItRI
005 20260115231952.0
008 971022s1997 it |||||| ||||| |||||c
020 |a 8886926286 
040 |b ita  |c importazione bologna sebina 
041 7 |a ita  |2 ISO-639-2 
130 0 |a Angry women.  |3 IT\ICCU\REA\0040043 
245 0 0 |a Meduse cyborg :  |b antologia di donne arrabbiate. 
260 |a Milano :  |b Shake edizioni underground,  |c 1997 
300 |a 349 p. :  |b ill. ;  |c 21 cm 
500 |a In testa al front.: Re/search edizione italiana. 
500 |a Trad. di Teresa Cimino e Ester Formichella 
650 7 |a FEMMINISMO  |x ANTOLOGIE 
942 |2 ddc  |c BK  |n 0 
952 |0 0  |1 0  |4 0  |6 DOC_305_420000000000000_GAL  |7 0  |9 18042  |a BO  |b BO  |d 2026-01-15  |i 4628  |l 0  |o DOC 305.420 GAL  |p BO4628  |r 2026-01-15 23:19:52  |w 2026-01-15  |x [Sebina 5] [1 v.]  |y BK  |z 1 v. 
999 |c 15322  |d 15322